000 01229nam a22003857a 4500
001 BR8501725
003 BR-BrBNA
005 20230928092128.0
007 ta
008 230509b bl.||||| |||| 00| 0 por d
040 _aBR-BrBNA
_bpor
_cBiblioteca Nacional de Agricultura
041 _a(Por)
072 _aE11; P10; P32
_b1100
_b/G514
090 _ 1100 BR8501725
110 1 _aComissao Estadual de Planejamento Agricola da Paraiba, Joao Pessoa (Brasil)
_92028
245 1 _aEstudos de viabilidade de exploracao de fruticultura tropical na Serra do Teixeira. Diagnostico. v. 2 - Aspectos fisicos [Paraiba, Brasil]
_bContrato de Consultoria no. 02/83
260 3 _aJoao Pessoa, PB (Brasil):
_c1985.
300 _a100 p.
500 _a20 illus.; 50 tables; 9 Maps, scale 1:200.000
650 _aPROJETO DE DESENVOLVIMENTO
650 _aCARTOGRAFIA
650 _aMAPA
650 _aCLIMATOLOGIA
650 _aHIDROLOGIA
650 _aHIDROGEOLOGIA
650 _aSOLO
650 _aCLASSIFICACAO DO SOLO
650 _aUSO DA TERRA
650 _aAPTIDAO AGRICOLA
650 _aFRUTA TROPICAL
650 _aSERRA DO TEIXEIRA
650 _aPARAIBA
909 _a202309
_bLucia
_c55
_dLucia Elande
942 _cBK
999 _c37284
_d37284